Сравнительный анализ бесплатных систем автоматизированного проектирования печатных плат; Молодежь и современные информационные технологии

Библиографические подробности
Источник:Молодежь и современные информационные технологии.— 2013.— [С. 249-251]
Главный автор: Лихолат А. Д.
Автор-организация: Национальный исследовательский Томский политехнический университет (ТПУ) Институт кибернетики (ИК) Кафедра интегрированных компьютерных систем управления (ИКСУ)
Другие авторы: Лезин А. С. (научный руководитель), Тутов И. А. Иван Андреевич
Примечания:Заглавие с титульного экрана
Язык:русский
Опубликовано: 2013
Серии:Автоматизация и управление в технических системах
Предметы:
Online-ссылка:http://earchive.tpu.ru/handle/11683/70227
http://www.lib.tpu.ru/fulltext/c/2013/C04/113.pdf
Формат: Электронный ресурс Статья
Запись в KOHA:https://koha.lib.tpu.ru/cgi-bin/koha/opac-detail.pl?biblionumber=603790

MARC

LEADER 00000naa2a2200000 4500
001 603790
005 20260204140400.0
035 |a (RuTPU)RU\TPU\conf\989 
035 |a RU\TPU\conf\982 
090 |a 603790 
100 |a 20140205d2013 k y0rusy50 ca 
101 0 |a rus 
102 |a RU 
135 |a drnn ---uucaa 
181 0 |a i  
182 0 |a b 
200 1 |a Сравнительный анализ бесплатных систем автоматизированного проектирования печатных плат  |f А. Д. Лихолат, А. С. Лезин  |g науч. рук. И. А. Тутов 
203 |a Текст  |c электронный 
225 1 |a Автоматизация и управление в технических системах 
300 |a Заглавие с титульного экрана 
320 |a [Библиогр.: с. 251 (5 назв.)] 
337 |a Adobe Reader 
463 1 |0 (RuTPU)RU\TPU\conf\515  |t Молодежь и современные информационные технологии  |o сборник трудов XI Международной научно-практической конференции студентов, аспирантов и молодых ученых, г. Томск, 13-16 ноября 2013 г.  |f Национальный исследовательский Томский политехнический университет (ТПУ) ; под ред. Е. А. Сикоры и др.  |v [С. 249-251]  |d 2013 
610 1 |a труды учёных ТПУ 
610 1 |a электронный ресурс 
610 1 |a сравнительный анализ 
610 1 |a бесплатные системы 
610 1 |a автоматизированное проектирование 
610 1 |a печатные платы 
610 1 |a системы автоматизированного проектирования 
610 1 |a САПР 
700 1 |a Лихолат  |b А. Д. 
701 1 |a Лезин  |b А. С. 
702 1 |a Тутов  |b И. А.  |c специалист в области автоматического управления  |c ассистент Томского политехнического университета  |f 1989-  |g Иван Андреевич  |4 727 
712 0 2 |a Национальный исследовательский Томский политехнический университет (ТПУ)  |b Институт кибернетики (ИК)  |b Кафедра интегрированных компьютерных систем управления (ИКСУ)  |3 (RuTPU)RU\TPU\col\18701 
801 2 |a RU  |b 63413507  |c 20220328  |g RCR 
856 4 |u http://earchive.tpu.ru/handle/11683/70227 
856 4 |u http://www.lib.tpu.ru/fulltext/c/2013/C04/113.pdf 
942 |c CF